| 000 | 01064nam a22002657a 4500 | ||
|---|---|---|---|
| 999 |
_c65821 _d65821 |
||
| 005 | 20240530110845.0 | ||
| 008 | 201005s2020 ua ah f b 000 0 ara d | ||
| 017 |
_a2019/3953 _bمصر. دار الكتب |
||
| 020 | _a9789777359320 | ||
| 040 |
_aEG-CaGPL _cEG-CaGPL |
||
| 082 | 0 | 4 |
_221 _a796.077/ _bن أ |
| 100 | 0 | _aندا محمد صبرى السعدنى | |
| 245 | 1 | 0 |
_aاسس علم التشريح فى التربية البدنية / _cندا محمد صبرى السعدنى |
| 250 | _aط.1 | ||
| 260 |
_aالقاهرة : _bمؤسسة عالم الرياضة للنشر، _c2020. |
||
| 260 |
_aالقاهرة : _bدار الوفاء لدنيا الطباعة و النشر، |
||
| 300 |
_a352 ص. : _bايض ؛ _c24 سم. |
||
| 504 | _aيشتمل على ارجاعات ببليوجرافية | ||
| 650 | 0 | 7 |
_2qrmak _aالتربية البدنية |
| 650 | 0 | 7 |
_2qrmak _aالتدريب الرياضى |
| 651 | _2qrmak | ||
| 653 | 0 | _aالتربية البدنية - تشريح | |
| 942 |
_2ddc _cBK |
||